Financiamento da educação no Brasil / (Record no. 1267)

MARC details
000 -LÍDER
Campo Fixo de Controle 00658nam a2200217 a 4500
001 - NÚMERO DE CONTROLE
Campo de Controle 1267
003 - IDENTIFICAÇÃO DO NÚMERO DE CONTROLE
Campo de Controle BR-CuiBMT
005 - DATA E HORA DA ÚLTIMA ATUALIZAÇÃO
Campo de Controle 20231203023343.0
008 - DADOS FIXOS
Dados Fixos 231127s2017 dfba 000 0 por d
040 ## - AGÊNCIA CATALOGADORA
Código da Agência Catalogadora BR-CuiBMT
Agência que transcreveu o registro BR-CuiBMT
080 ## - Nº DA CLASSIFICAÇÃO DECIMAL UNIVERSAL
Nº Class. CDU 37.014.543
Subd. Auxiliar Comum (81)
Nº edição CDU 2007
090 ## - NÚMERO DE CHAMADA
Nº classificação 37.014.543(81)
Cutter B917f
100 10 - ENTRADA PRINCIPAL -- AUTOR PESSOAL
Nome pessoal Buarque, Cristóvam,
Datas associadas ao nome 1944-
245 1# - TÍTULO PRINCIPAL
Título principal Financiamento da educação no Brasil /
Indicação de responsabilidade Cristovam Buarque.
260 ## - PUBLICAÇÃO, DISTRIBUIÇÃO, ETC.
Local de publicação Brasília :
Editora Senado Federal,
Data 2017.
300 ## - DESCRIÇÃO FÍSICA
N. páginas ou volumes 68 p.
Ilustrações il.
Dimensões 22 cm
650 ## - ASSUNTO TÓPICO
Cabeçalho tópico ou nome geográfico Educação
Subdivisão geral Financiamento
Subdivisão geográfica Brasil
650 ## - ASSUNTO TÓPICO
Cabeçalho tópico ou nome geográfico Política educacional
Subdivisão geográfica Brasil
650 ## - ASSUNTO TÓPICO
Cabeçalho tópico ou nome geográfico Educação básica
Subdivisão geográfica Brasil
942 ## - ELEMENTOS DE ENTRADA ADICIONAIS (KOHA)
Fonte de classificação ou esquema de arquivamento Classificação Decimal Universal
Tipo de item do Koha Livros
Holdings
Estado: removido Estado: perdido Fonte de classificação ou esquema de arquivamento Estado: danificado Indisponível para empréstimo Localização permanente Localização atual Data de aquisição Total Checkouts Número de Chamada completo Código de barras Date last seen Número do exemplar Preço efetivo a partir de Tipo de item (Koha)
    Classificação Decimal Universal     Biblioteca da Escola Superior de Contas do TCE/MT Biblioteca da Escola Superior de Contas do TCE/MT 20/12/2018   37.014.543(81) B917f BIBTCEMT23120084 03/12/2023 Ex. 1 03/12/2023 Livros

Powered by Koha